00419nam a2200157Ia 4500020001800000082001900018100001900037245006300056250000800119260003200127300001400159504001300173650002000186650003600206650001900242 a0-85-57-404-1 aRR 025.21 SPI; aSpiller, David 0aBook selection: an introduction to principles and practice a4th aLondonbClive Bingleyc1986 aix, 235p. aRef.book aLibrary science aPublic libraries - Acquisitions aBook selection